| 000 | 01899nam a2200469Ii 4500 | ||
|---|---|---|---|
| 001 | DIGEPUJ0238 | ||
| 003 | NyNyDIG | ||
| 006 | m o d | ||
| 007 | cr ||||||||||| | ||
| 008 | 211013s2016 ck a ob 000 0 spa d | ||
| 035 | _a(OCoLC)1282639866 | ||
| 040 |
_aDGITA _beng _erda _epn _cDGITA |
||
| 041 | 1 |
_aspa _heng |
|
| 020 | _z9789587169256 | ||
| 050 | 1 | 4 | _aJC571 ebook |
| 082 | 0 | 4 | _a320.011 |
| 100 | 1 |
_aOlsen, Tricia D., _eauthor. |
|
| 240 | 1 | 0 |
_aTransitional justice in balance. _lSpanish _s(Lama) |
| 245 | 1 | 0 |
_aJusticia transicional en equilibrio : _bcomparación de procesos, sopeso de su eficacia / _cTricia D. Olsen [and 2 others] ; Pedro Lama, translator. |
| 264 | 1 |
_aBogotá D.C. : _bEditorial Pontificia Universidad Javeriana, _c2016. |
|
| 300 |
_a1 online resource : _billustrations. |
||
| 336 |
_atext _btxt _2rdacontent |
||
| 337 |
_acomputer _bc _2rdamedia |
||
| 338 |
_aonline resource _bcr _2rdacarrier |
||
| 347 |
_atext file _2rdaft |
||
| 347 | _bEPUB | ||
| 347 | _bPDF | ||
| 504 | _aIncludes bibliographical references. | ||
| 588 | 0 | _aOnline resource; title from ePub title page (Digitalia, viewed October 13, 2021) | |
| 650 | 0 | _aTransitional justice. | |
| 650 | 0 | _aHuman rights. | |
| 650 | 0 | _aDemocratization. | |
| 655 | 0 | _aElectronic books. | |
| 700 | 1 |
_aLama, Pedro, _etranslator. |
|
| 700 | 1 |
_iTranslation of: _aOlsen, Tricia D. _tTransitional justice in balance. |
|
| 791 | 2 |
_aDigitalia (Firm), _edistributor. |
|
| 793 | 0 |
_gDigitalia eBook Collection: _aPontificia Universidad Javeriana |
|
| 776 | 0 | 8 |
_iPrint version: _aOlsen, Tricia D. _sTransitional justice in balance. Spanish (Lama) _tJusticia transicional en equilibrio. _dBogotá D.C. : Editorial Pontificia Universidad Javeriana, 2016 _z9789587169256 |
| 856 | 4 | 0 |
_3Digitalia Hispánica _uhttps://www.digitaliapublishing.com/a/66481/ |
| 910 | _aPremium collection: 2021 | ||
| 942 | _cRAA | ||
| 999 |
_c261616 _d261616 |
||